000 00575nam a2200241Ia 4500
003 OSt
005 20221005124434.0
006 a|||||r|||| 00| 0
007 ta
008 221004b |||||||| |||| 00| 0 eng d
024 _a36154
037 _cTextual
040 _aCRL
_cCRL
_beng
041 _2eng
_aeng
082 _aN82, E4
100 _aStrangways A H Fox
_9635242
245 0 _aMusic of Hindostan
260 _c1914
650 _a ARTS
650 _aMUSIC
_917402
942 _hN82, E4
_cTEXL
_2cc
999 _c1050495
_d1050495